| 000 | 01434nam a2200349Ia 4500 | ||
|---|---|---|---|
| 001 | ebr5004077 | ||
| 003 | CaPaEBR | ||
| 006 | m u | ||
| 007 | cr cn||||||||| | ||
| 008 | 000524s2001 enk sb 001 0 eng d | ||
| 010 | _z 00042463 | ||
| 020 | _z0415204240 | ||
| 040 |
_aCaPaEBR _cCaPaEBR |
||
| 035 | _a(OCoLC)559298642 | ||
| 050 | 1 | 4 |
_aHD5660.G7 _bP419 2001eb |
| 082 | 0 | 4 |
_a331.2/164 _221 |
| 100 | 1 |
_aPendleton, Andrew, _d1957- |
|
| 245 | 1 | 0 |
_aEmployee ownership, participation and governance _h[electronic resource] : _ba study of ESOPs in the UK / _cAndrew Pendleton. |
| 260 |
_aLondon ; _aNew York : _bRoutledge, _c2001. |
||
| 300 | _axiv, 239 p. | ||
| 490 | 1 |
_aRoutledge research in employment relations ; _v4 |
|
| 504 | _aIncludes bibliographical references (p. [209]-224) and index. | ||
| 533 |
_aElectronic reproduction. _bPalo Alto, Calif. : _cebrary, _d2013. _nAvailable via World Wide Web. _nAccess may be limited to ebrary affiliated libraries. |
||
| 546 | _aEnglish. | ||
| 650 | 0 |
_aEmployee ownership _zGreat Britain. |
|
| 650 | 0 |
_aManagement _xEmployee participation _zGreat Britain. |
|
| 650 | 0 |
_aStock ownership _zGreat Britain. |
|
| 655 | 7 |
_aElectronic books. _2local |
|
| 710 | 2 | _aebrary, Inc. | |
| 830 | 0 |
_aRoutledge research in employment relations ; _v4. |
|
| 856 | 4 | 0 |
_uhttp://site.ebrary.com/lib/rucke/Doc?id=5004077 _zAn electronic book accessible through the World Wide Web; click to view |
| 999 |
_c15708 _d15708 |
||